Systèmes de motorisation électrique

Na minha lista:
Detalhes bibliográficos
Autor principal: Georges Pierron
Formato: Livro
Idioma:Undetermined
Publicado em: Paris école des Mines de Paris 2000
Tags: Adicionar Tag
Sem tags, seja o primeiro a adicionar uma tag!
Thư viện lưu trữ: Trung tâm Học liệu Trường Đại học Cần Thơ
LEADER 00489nam a2200169Ia 4500
001 CTU_43929
008 210402s9999 xx 000 0 und d
082 |a 629.8 
082 |b P623/2000 
100 |a Georges Pierron 
245 0 |a Systèmes de motorisation électrique 
245 0 |c Georges Pierron 
260 |a Paris 
260 |b école des Mines de Paris 
260 |c 2000 
904 |i Nguyễn Quang Điền, 010911 
980 |a Trung tâm Học liệu Trường Đại học Cần Thơ